Szobrok a parkban, faragások a Bartókban

Elmentve itt :
Bibliográfiai részletek
Szerző: Tandi Lajos
Dokumentumtípus: Cikk
Megjelent: 1973-07-17
Sorozat:Délmagyarország 63 No. 165
Kulcsszavak:Tóth Valéria, Bartók Béla Művelődési Központ, műgyűjtők kiállítása
Online Access:http://dmarchiv.bibl.u-szeged.hu/101009
LEADER 00523nab a2200157 i 4500
001 delm101009
005 20190329144802.0
008 190329s1973 hu o 0|| hun d
040 |a SZTE Délmagyarország Archívum  |b hun 
041 |a hun 
100 1 |a Tandi Lajos 
245 1 0 |a Szobrok a parkban, faragások a Bartókban  |h [elektronikus dokumentum] /  |c  Tandi Lajos 
260 |c 1973-07-17 
300 |a 5 
490 0 |a Délmagyarország  |v 63 No. 165 
695 |a Tóth Valéria, Bartók Béla Művelődési Központ, műgyűjtők kiállítása